00634 2200169 4500245005600000020002200056250001000078100001800088650001700106005001900123260002900142041001400171084000800185300003400193500022800227336000900455 aCinta Bersemi di Negeri SakuracPrudensy OpithText a978-979-29-1307-1 aEd. 1 aPrudensy Opit aNovel Remaja a20240130114552 aYogyakartabSheilac2010 aIndonesia a813 aviiii + 216 hlm :c13 x 19 cm aApa hal terburuk yang mungkin terjadi dalam hidup seseorang? Bagi cecilia Anne Rompis, anak orang kaya berumur 21 tahun yang kuliah di salah satu universitas swasta termahal di jakarta, jawabannya hanya 1 : miskin mendadak! atext